LEADER 01401nam 2200433 450 001 9910154839103321 005 20230810001456.0 010 $a1-63472-222-1 035 $a(CKB)3710000000972108 035 $a(MiAaPQ)EBC5155171 035 $a(EXLCZ)993710000000972108 100 $a20180508d2017 uy 0 101 0 $aeng 135 $aurcnu|||||||| 181 $ctxt$2rdacontent 182 $cc$2rdamedia 183 $acr$2rdacarrier 200 10$aIslam /$fKatie Marsico 210 1$aAnn Arbor, Michigan :$cCherry Lake Publishing,$d[2017] 210 4$d©2017 215 $a1 online resource (32 pages) $cillustrations 225 1 $aGlobal Citizens: World Religions 311 $a1-63472-156-X 320 $aIncludes bibliographical references and index. 327 $aHistory: roots of the religion -- Geography: mapping how faith formed -- Civics: organization and ideas -- Economics: funding a faith -- Think about it!. 410 0$a21st century skills library.$pGlobal citizens: world religions. 606 $aIslam$vJuvenile literature 606 $aIslam$xHistory$vJuvenile literature 615 0$aIslam 615 0$aIslam$xHistory 676 $a297 700 $aMarsico$b Katie$f1980-$01209617 801 0$bMiAaPQ 801 1$bMiAaPQ 801 2$bMiAaPQ 906 $aBOOK 912 $a9910154839103321 996 $aIslam$92886863 997 $aUNINA LEADER 02286nas 2200457 n 450 001 990009029530403321 005 20240229084443.0 011 $a0079-659X 035 $a000902953 035 $aFED01000902953 035 $a(Aleph)000902953FED01 035 $a000902953 091 $2CNR$aP 00006396 100 $a20161109b19501977km-y0itaa50------ba 101 0 $aeng 102 $aGB 110 $aauu-------- 200 1 $aProgress in nuclear physics 207 1$a1950-1977 210 $aLondon$cPergamon Press 440 0$1001000902958$12001$aProgress in particle and nuclear physics 530 0 $aProgress in nuclear physics 675 $a539.1 676 $a539.1 676 $a539.7 801 0$aIT$bACNP$c20090723 859 4 $uhttp://acnp.cib.unibo.it/cgi-ser/start/it/cnr/dc-p1.tcl?catno=3068&person=false&language=ITALIANO&libr=&libr_th=unina1$zBiblioteche che possiedono il periodico 901 $aSE 912 $a990009029530403321 958 $aBiblioteca. Dipartimento di Chimica. Complesso Universitario di Monte S. Angelo.$b1950-1971;$fDCH 958 $aBiblioteca. Facoltą di Scienze Matematiche Fisiche e Naturali dell'Universitą Federico II$b1952-1957;1960;1970;$c1970;$eDF/I:B.3$fSC1 958 $aBiblioteca "Roberto Stroffolini" - Dipartimento di Scienze Fisiche dell'Universitą Federico II$b1950-1975;$fFI1 959 $aDCH 959 $aSC1 959 $aFI1 996 $aProgress in nuclear physics$9790874 997 $aUNINA AP1 8 $6866-01$aNA007 Biblioteca. Dipartimento di Chimica. Complesso Universitario di Monte S. Angelo.$evia Cinthia 4, 80126 Napoli (NA)$m081674497-081674488$m081674090$nit AP1 8 $6866-02$aNA018 Biblioteca. Facoltą di Scienze Matematiche Fisiche e Naturali dell'Universitą Federico II$bDF/I:B.3$eVia Cintia-Monte S. Angelo, 80126 Napoli (NA)$m081676740/41/39$m081676740$nit AP1 8 $6866-03$aNA079 Biblioteca "Roberto Stroffolini" - Dipartimento di Scienze Fisiche dell'Universitą Federico II$eVia Cintia-Monte S. Angelo, 80126 Napoli (NA)$m081.676253;676756;676443$m081.676434$nit AP2 40$aacnp.cib.unibo.it$nACNP Italian Union Catalogue of Serials$uhttp://acnp.cib.unibo.it/cgi-ser/start/it/cnr/df-p.tcl?catno=3068&language=ITALIANO&libr=&person=&B=1&libr_th=unina&proposto=NO